Diseño y evaluación financiera de proyectos agropecuarios /

Guardado en:
Autor Principal: Román, Marcela E.
Formato: Libro
Publicado: Buenos Aires : Fauba, 2001
Materias:
Etiquetas: Agregar Etiqueta
Sin Etiquetas, Sea el primero en etiquetar este registro!
LEADER 01035nam a22002175a 4500
001 CEM.cems017276
008 130507s2001##################000#0#####d
005 20260421093709.0
245 1 0 |a Diseño y evaluación financiera de proyectos agropecuarios /  |c Marcela E. Román 
260 |a Buenos Aires :  |b Fauba,  |c 2001 
300 |a 105 p. 
505 0 |a El diseño de proyectos -- La metodología del marco lógico -- La evaluación ex-ante - La evaluación financiera o privada -- Etapas de la evaluación -- Cálculo de los indicadores del proyecto de inversión -- Incorporación del reisgo en el análisis de proyectos 
020 |a 9502906411 
100 1 |a Román, Marcela E. 
082 0 4 |a 338.1 
653 |a Economía agraria 
653 |a Proyectos agropecuarios-diseño 
653 |a Proyectos agropecuarios-evaluación financiera 
859 |a CEMS  |b BIB. CEMS - Agricultura  |h 338.1  |i R661  |p A4094.26 
859 |a CEMS  |b BIB. CEMS - Agricultura  |h 338.1  |i R661  |p A1089.09  |t Ej.1 
859 |a CEMS  |b BIB. CEMS - Agricultura  |h 338.1  |i R661  |p A1090.09  |t Ej.2